Histoire de l'opéra

Bibliographic Details
Main Authors: Orrey, Leslie (Author), Milnes, Rodney (Author)
Other Authors: Cheval, Catherine (Translator)
Format: Book
Language:French
PhysicalDescription:252 s. 21 cm
Published: Paris Thames & Hudson 1991
ISBN:2878110358
Series:L'univers de l'art 23

MARC

LEADER 00000cam a2200000 a 4500
001 vtls001163502
003 SK-MaSNL
005 20260301063306.0
008 250414s1991 fr 0 fre
020 |a 2878110358 
035 |a SNK000106443 
040 |a SNK  |b slo  |c SNK  |e AACR2 
041 0 |a fre 
044 |a fr  |c FR 
080 |a 792.5(100)(091)  |2 1981 
080 |a 782.1(100)(091)  |2 1981 
100 1 |a Orrey, Leslie  |4 aut  |9 378809 
245 1 0 |a Histoire de l'opéra  |c Leslie Orrey ; Edition revue par Rodney Milnes ; Trad. de l' angl. par Catherine Cheval 
260 |a Paris  |b Thames & Hudson  |c 1991 
300 |a 252 s.  |c 21 cm 
490 0 |a L'univers de l'art  |v 23 
700 1 |a Milnes, Rodney  |4 aut  |9 378810 
700 1 |a Cheval, Catherine  |4 trl  |9 378811 
852 |a Slovenská národná knižnica 
919 |a 2-87811-035-8 
954 |a opera svetová 
999 |c 623543  |d 625473 
952 |a SNK  |b SNK  |y VYP  |7 0  |p 17A0129647  |o snkIC 123974   |0 0  |1 0  |4 0  |d 1998-03-20  |l 0  |r 2005-01-01 00:00:00  |w 2026-02-23